Quiz Cultura Generale - Quiz n°29 - Statistics

Statistiche generali
  • Questo quiz è stato fatto 213 volte
  • Il punteggio medio è 8 su 15
Statistiche sulle risposte
Domanda Risposta % Corretto
Qual è la prima persona singolare del passato remoto del verbo "crescere"? Io crebbi
91%
In quale continente vive il facocero? Africa
85%
Qual è la capitale della Colombia? Bogotà
81%
Qual è la branca della medicina che si occupa dell'orecchio, del naso e della gola? Otorinolaringoiatria
65%
Qual è la spada giapponese corrispondente ad una scimitarra o sciabola ma con impugnatura a due mani? Katana
60%
Dopo Bari, qual è la città più popolosa della Puglia? Taranto
60%
In quale stato si trova Lepanto, teatro della celebra battaglia combattuta nel 1571? Grecia
52%
Chi interpreta Indiana Jones nella famosa saga cinematografica? Harrison Ford
49%
Quale arte praticavano Benvenuto Cellin, Antonio Canova e Auguste Rodin? Scultura
48%
Dove mise la mano Muzio Scevola, da cui deriva un famoso modo di dire italiano? Fuoco
42%
Qual è stata l'unica donna italiana a vincere un Premio Nobel per la medicina? Rita Levi Montalcini
42%
Nel basket, quanto è il tempo concesso alla squadra in attacco per effettuare un tiro a canestro? 24 secondi
36%
Quali ghiandole producono l'adrenalina? Surreni
20%
Qual è stato il più famoso capo tribù Apache? Geronimo
15%
Com'è detta la seconda chicane dell'Autodromo nazionale di Monza? Variante della Loggia
1%
Nessun quiz corrispondente trovato
Distribuzione punteggi
Percentuale di utenti per punteggio
Percentile per numero di risposta
I tuoi punteggi nel tempo
Non hai fatto questo quiz